[Event "Kemerovo-ch"]
[Site "Kemerovo"]
[Date "2010.03.18"]
[Round "6"]
[White "Zenkov, Gennadiy"]
[Black "Lukashevich, Daria"]
[Result "0-1"]
[WhiteElo "2065"]
[BlackElo "1888"]
[PlyCount "106"]
[EventDate "2010.03.15"]
[EventType "swiss"]
[EventRounds "9"]
[EventCountry "RUS"]
[SourceTitle "CBM 135 Extra"]
[Source "ChessBase"]
[SourceDate "2010.05.04"]
[SourceVersion "1"]
[SourceVersionDate "2010.05.04"]
[SourceQuality "1"]

1. e4 c5 2. Nf3 Nc6 3. d4 cxd4 4. Nxd4 g6 5. c4 Bg7 6. Nxc6 dxc6 7. Qxd8+ Kxd8 8. Bd3 b6 9. 0-0 Kc7 10. Nc3 Be6 11. Bf4+ Kb7 12. a4 a5 13. e5 Rd8 14. Rfd1 Nh6 15. Ne4 Ng4 16. Ng5 Nxe5 17. Nxe6 fxe6 18. Be2 Nf7 19. Rdb1 Bd4 20. Ra3 e5 21. Bg3 Nd6 22. Rf3 Rhf8 23. b4 axb4 24. Rxb4 Bc5 25. Rb1 Rxf3 26. gxf3 Ra8 27. Bxe5 Rxa4 28. Rc1 Ra2 29. Kf1 Ka6 30. Ra1 Rxa1+ 31. Bxa1 Ka5 32. Bc3+ Ka4 33. Be5 Kb4 34. Bxd6 exd6 35. h4 Bd4 36. Bd3 Bf6 37. h5 gxh5 38. Ke2 Bg5 39. f4 Bxf4 40. Kf3 Be5 41. Ke4 Kc3 42. Bf1 Bf6 43. Kf5 Bd4 44. f4 Kb4 45. Ke6 Kc5 46. f5 h4 47. Bg2 Be5 48. Kd7 b5 49. cxb5 cxb5 50. Ke6 b4 51. f6 Bxf6 52. Kxf6 b3 53. Kg5 b2 0-1

[Event "Kemerovo-ch"]
[Site "Kemerovo"]
[Date "2010.03.15"]
[Round "1"]
[White "Lukashevich, Daria"]
[Black "Chigaev, Maksim"]
[Result "0-1"]
[WhiteElo "1888"]
[BlackElo "2166"]
[PlyCount "76"]
[EventDate "2010.03.15"]
[EventType "swiss"]
[EventRounds "9"]
[EventCountry "RUS"]
[SourceTitle "CBM 135 Extra"]
[Source "ChessBase"]
[SourceDate "2010.05.04"]
[SourceVersion "1"]
[SourceVersionDate "2010.05.04"]
[SourceQuality "1"]

1. Nf3 Nf6 2. c4 g6 3. g3 Bg7 4. Bg2 0-0 5. 0-0 d6 6. Nc3 Nc6 7. b3 a6 8. Bb2 Rb8 9. d3 Bd7 10. a3 Na7 11. Qc2 b5 12. Nd1 c5 13. Ne3 Nc6 14. Nd2 e6 15. Rab1 Nd4 16. Bxd4 cxd4 17. Nd1 Rc8 18. Qb2 Qb6 19. f4 Bc6 20. Nf3 Bxf3 21. Bxf3 d5 22. Rc1 Ne4 23. Bxe4 dxe4 24. Qb1 f5 25. Nf2 e3 26. Nd1 e5 27. Nb2 g5 28. Rf3 exf4 29. gxf4 g4 30. Rg3 Qd6 31. Rf1 Qxa3 32. h3 h5 33. Kg2 h4 34. hxg4 hxg3 35. g5 Qxb3 36. Kxg3 bxc4 37. Nxc4 Qxb1 38. Rxb1 Rb8 0-1

[Event "RUS-ch Students"]
[Site "Belgorod"]
[Date "2009.10.08"]
[Round "4"]
[White "Meyling, Andrey"]
[Black "Lukashevich, Daria"]
[Result "1/2-1/2"]
[WhiteElo "2098"]
[BlackElo "1886"]
[PlyCount "92"]
[EventDate "2009.10.05"]
[EventType "swiss"]
[EventRounds "9"]
[EventCountry "RUS"]
[SourceTitle "EXT 2010"]
[Source "ChessBase"]
[SourceDate "2010.11.25"]
[SourceVersion "1"]
[SourceVersionDate "2010.11.25"]
[SourceQuality "1"]

1. Nf3 Nf6 2. d4 g6 3. g3 Bg7 4. Bg2 0-0 5. 0-0 d5 6. c4 dxc4 7. Na3 c3 8. bxc3 c5 9. Qb3 Nc6 10. Rd1 Ne4 11. Be3 Qb6 12. Qc2 Bf5 13. g4 Nxf2 14. gxf5 Nxd1 15. Rxd1 cxd4 16. cxd4 Rac8 17. Qd2 Rfd8 18. Bh3 Rc7 19. Rb1 Qa6 20. Nb5 Rcd7 21. f6 Bxf6 22. Bxd7 Rxd7 23. Bf2 Qa4 24. e3 Qc4 25. Na3 Qe6 26. Bg3 Qe4 27. Kf2 e5 28. Qc2 Qxc2+ 29. Nxc2 exd4 30. Ncxd4 Nxd4 31. Rd1 Nxf3 32. Rxd7 Ng5 33. Rxb7 Ne4+ 34. Kf3 Nxg3 35. hxg3 a5 36. Ke4 Bc3 37. a4 h5 38. Ra7 Kg7 39. Kd3 Be1 40. Ke4 Kf6 41. Kf4 g5+ 42. Kf3 Kg6 43. e4 f6 44. Ra6 g4+ 45. Kg2 Kg5 46. Rc6 Bb4 1/2-1/2

[Event "Berdsk Maestro op 13th"]
[Site "Berdsk"]
[Date "2007.07.11"]
[Round "4"]
[White "Lifshits, Dan"]
[Black "Lukashevich, Daria"]
[Result "1-0"]
[WhiteElo "2090"]
[BlackElo "1843"]
[PlyCount "112"]
[EventDate "2007.07.08"]
[EventType "swiss"]
[EventRounds "9"]
[EventCountry "RUS"]
[SourceTitle "EXT 2022"]
[Source "ChessBase"]
[SourceDate "2021.10.06"]
[SourceVersion "1"]
[SourceVersionDate "2021.10.06"]
[SourceQuality "1"]

1. e4 c5 2. Nf3 Nc6 3. d4 cxd4 4. Nxd4 g6 5. Nc3 Bg7 6. Be3 Nf6 7. Bc4 0-0 8. Bb3 d6 9. f3 Bd7 10. Qd2 Rc8 11. 0-0-0 Ne5 12. h4 h5 13. Bg5 Rc5 14. g4 hxg4 15. f4 Nc6 16. e5 Nxd4 17. Qxd4 Nh7 18. Ne4 Rc7 19. h5 gxh5 20. Rxh5 Be6 21. Rdh1 Nxg5 22. Nxg5 Bxb3 23. axb3 dxe5 24. Qe4 f5 25. Qg2 Bf6 26. Qh2 Bxg5 27. Rxg5+ Kf7 28. Qh5+ Ke6 29. Rg6+ Rf6 30. fxe5 Qd3 31. Rxf6+ Kxe5 32. Qh2+ g3 33. Rxf5+ Qxf5 34. Re1+ Kf6 35. Qe2 Kg6 36. Rg1 Qf4+ 37. Kb1 Kg5 38. Qd3 Rc6 39. Rxg3+ Kh6 40. Rh3+ Kg7 41. Qh7+ Kf6 42. Rh6+ Ke5 43. Qxe7+ Kf5 44. Qf7+ Ke4 45. Qh7+ Kd5 46. Rh5+ Kd6 47. Qg6+ Kc7 48. Rh7+ Kb6 49. Qg1+ Ka6 50. Rh5 Qe4 51. Qf1+ Kb6 52. Rb5+ Kc7 53. Qf7+ Kd6 54. Qf8+ Kc7 55. Qg7+ Kd6 56. Qxb7 Qxc2+ 1-0